000 00465nam a2200181Ia 4500
008 231221s9999 xx 000 0 und d
041 _aEnglish
082 _a641.8654 FAR;1 R
100 _aFaridi, Hamed ed
245 0 _aScience of cookie and cracker production
250 _a1st ed.
260 _c1997
_bCBS
_aNEW DELHI
300 _avi+516
500 _aE.-509
650 _aHotel management-Cookie
650 _aHotel management-Cookie
942 _cHM
999 _c207909
_d207909